|
|
|
|
| LEADER |
00679nam a2200193 4500 |
| 020 |
|
|
|a 9788131719534
|c 919.00
|
| 082 |
|
|
|a 621.382 TOM-E5
|
| 100 |
|
|
|a Tomasi, Wayne
|
| 245 |
|
|
|a Electronic communications systems: fundamentals through advanced
|
| 250 |
|
|
|a 5
|
| 260 |
|
|
|a Dorling Kindersley (India) Pvt. Ltd., New Delhi
|c 2014
|
| 300 |
|
|
|a 1115
|
| 490 |
|
|
|
| 500 |
|
|
|
| 590 |
|
|
|a Modern Book Centre
|b MBC-2017/16 dt 20/03/2017
|c 919.00
|
| 650 |
|
|
|a Telecommunication systems
|
| 942 |
|
|
|c BK
|
| 999 |
|
|
|c 85848
|d 85848
|
| 952 |
|
|
|0 0
|1 0
|4 0
|6 621_382000000000000_TOME5
|7 0
|9 99316
|a PHY
|b PHY
|d 2020-11-17
|g 919.00
|l 1
|o 621.382 TOM-E5
|p PHY07506
|q 2020-12-17
|r 2020-11-17
|s 2020-11-17
|w 2019-09-24
|y BK
|